Slovacko-rossijskoje mežregionaľnoje sotrudničestvo na sovremennom etape

Medziregionálna spolupráca má dôležité miesto v rozvoji hospodárskych vzťahov medzi Slovenskom a Ruskou Federáciou. Na rôznych úrovniach spolupráce bolo v roku 2014 podpísaných viac ako 30 zmlúv. Medzi najaktívnejšie regióny vzájomnej obchodnej a hospodárskej spolupráce patria Moskva, Sankt-Peterbur...

ver descrição completa

Na minha lista:
Detalhes bibliográficos
Autor principal: Kašťáková, Elena, 1974-
Formato: Capítulo de Livro
Idioma:russo
Assuntos:
Tags: Adicionar Tag
Sem tags, seja o primeiro a adicionar uma tag!

MARC

LEADER 00000naa$a2200000$$$4500
001 0254471
005 20240502083727.3
041 0 |a rus 
044 |a RU 
245 1 0 |a Slovacko-rossijskoje mežregionaľnoje sotrudničestvo na sovremennom etape  |c Elena Kašťáková 
520 |a Medziregionálna spolupráca má dôležité miesto v rozvoji hospodárskych vzťahov medzi Slovenskom a Ruskou Federáciou. Na rôznych úrovniach spolupráce bolo v roku 2014 podpísaných viac ako 30 zmlúv. Medzi najaktívnejšie regióny vzájomnej obchodnej a hospodárskej spolupráce patria Moskva, Sankt-Peterburg, Astrachanská oblasť, Krasnojarský kraj, Volgogradská oblasť a ďalšie. 
610 2 0 |a spolupráca regionálna 
610 2 0 |a spolupráca hospodárska medzinárodná 
610 2 0 |a obchod zahraničný 
610 2 0 |a zmluvy medzinárodné 
610 2 0 |a regióny 
610 2 0 |a Slovensko 
610 2 0 |a Rusko 
100 1 |a Kašťáková, Elena, 1974-